|
|
|
|
| LEADER |
00924ncm a22002292a 4500 |
| 001 |
001289765 |
| 003 |
CZ BrMZK |
| 005 |
20130822124436.0 |
| 008 |
000105s1907 gw f zxx d |
| 040 |
|
|
|a BOA001
|b cze
|
| 072 |
|
7 |
|a 787
|x Hudba pro strunné a smyčcové nástroje
|2 Konspekt
|9 9
|
| 100 |
1 |
|
|a Ondříček, František,
|d 1857-1922
|7 jk01091150
|4 cmp
|
| 245 |
1 |
0 |
|a Rhapsodie Bohème, op. 21
|h [hudebnina] :
|b pour le violon avec accompagnement de piano /
|c François Ondříček
|
| 260 |
|
|
|a Leipzig :
|b Breitkopf & Härtel,
|c [1907]
|
| 300 |
|
|
|a 25 s.
|
| 490 |
1 |
|
|a Volksausgabe Breitkopf & Härtel ;
|v Nr. 2255
|
| 510 |
4 |
|
|a [Winiker, C.: Haupt-Katalog der Musikalien-Leih-Anstalt,
|c 57088]
|
| 830 |
|
0 |
|a Volksausgabe Breitkopf & Härtel
|
| 910 |
|
|
|a BOA001
|b Mus4-0116.344,2255
|
| 990 |
|
|
|a MU
|
| 991 |
|
|
|b 201304
|
| 996 |
6 |
|
|b 2619514649
|c Mus4-0116.344,2255
|l MZK
|r Sklad / do 1 hodiny
|n 0
|p W
|w 001324353
|u 000010
|a 1
|e BOA001
|j MZK50
|s P
|